000 01125cam a2200313 a 4500
999 _c30919
_d30919
001 15403130
005 20210128085939.0
008 080807s2009 caua b 001 0 eng
010 _a 2008034931
020 _a9780470283868 (pbk.)
020 _a0470283866 (pbk.)
035 _a(OCoLC)ocn230181462
035 _a(OCoLC)230181462
040 _aDLC
_cDLC
_dBTCTA
_dBAKER
_dYDXCP
_dC#P
_dBWX
_dYBM
_dCDX
_dIXA
_dDLC
050 0 0 _aLC 5803 .C65P34 2009
100 1 _aPalloff, Rena M.,
245 1 0 _aAssessing the online learner :
_bresources and strategies for faculty /
_cRena Palloff and Keith Pratt.
250 _a1st ed.
260 _aSan Francisco :
_bJossey-Bass,
_cc2009.
300 _axviii, 153 p. :
_bill. ;
_c24 cm.
490 1 _aJossey-Bass guides to online teaching and learning
504 _aIncludes bibliographical references (p. 143-147) and index.
650 0 _aDistance education students
650 0 _aCollege students
650 0 _aWeb-based instruction.
650 0 _aInternet in higher education.
700 1 _aPratt, Keith,
942 _2lcc
_cBOOKS
_hLC 5803 .C65P34 2009